Statistics for Districts of Prague

Click here to take the quiz!

General Stats

  • This quiz has been taken 1 124 times
  • The average score is 35 of 112

Answer Stats

# of inhabitantsDistrict% Correct
9137Staré Město
83%
26111Nové Město
76%
55691Žižkov
76%
33172Smíchov
74%
35046Holešovice
69%
22770Dejvice
68%
50720Vinohrady
67%
24902Černý Most
65%
54659Chodov
64%
17323Letňany
64%
5477Malá Strana
64%
4463Zličín
61%
1800Hradčany
60%
22511Háje
58%
10924Karlín
54%
32430Libeň
54%
2006Vyšehrad
52%
28241Kobylisy
51%
3514Motol
51%
37066Vršovice
51%
17416Hostivař
50%
7491Ruzyně
50%
35124Strašnice
50%
17167Prosek
49%
59711Stodůlky
49%
14523Vysočany
49%
32165Nusle
47%
24973Řepy
46%
17271Bohnice
44%
31550Modřany
44%
17666Braník
43%
28874Krč
43%
14268Troja
42%
4902Jinonice
41%
3551Řeporyje
40%
13186Podolí
39%
23400Břevnov
36%
20442Bubeneč
36%
2200Dolní Počernice
36%
11642Hloubětín
36%
15028Horní Počernice
36%
3425Ďáblice
35%
13987Střížkov
34%
6260Veleslavín
34%
9213Zbraslav
33%
1826Radlice
31%
1508Josefov
30%
6725Střešovice
30%
8141Radotín
29%
22152Hlubočepy
28%
6627Kbely
28%
9978Malešice
28%
19844Michle
28%
6072Suchdol
28%
13538Horní Měcholupy
27%
7445Čakovice
26%
2365Dolní Měcholupy
26%
8361Kunratice
26%
8699Kyje
26%
5519Libuš
26%
1966Velká Chuchle
26%
7453Uhříněves
25%
3229Klánovice
23%
14453Košíře
23%
149Malá Chuchle
22%
34160Záběhlice
22%
1090Hrdlořezy
21%
3101Běchovice
19%
6696Čimice
19%
4155Písnice
19%
2383Satalice
19%
3783Dolní Chabry
18%
6041Petrovice
18%
750Přední Kopanina
18%
2617Slivenec
18%
2041Štěrboholy
18%
10998Vokovice
18%
19767Kamýk
17%
5914Lhotka
17%
10334Újezd nad Lesy
17%
3044Kolovraty
16%
4902Liboc
16%
3835Vinoř
16%
73Zadní Kopanina
16%
3393Dubeč
15%
1883Komořany
15%
1414Lysolaje
14%
3084Nebušice
14%
3467Hodkovičky
13%
1372Koloděje
13%
639Lochkov
12%
2980Šeberov
12%
1224Březiněves
11%
434Holyně
11%
844Sedlec
11%
513Cholupice
10%
313Lahovice
10%
2502Lipence
10%
449Sobín
10%
713Točná
10%
1015Třeboradice
10%
549Benice
9%
2301Hostavice
8%
904Křeslice
8%
254Lipany
8%
1611Miškovice
8%
1121Pitkovice
8%
424Třebonice
8%
303Královice
7%
2819Újezd u Průhonic
7%
451Hájek u Uhříněvsi
5%
277Nedvězí u Říčan
5%

Score Distribution

Percentile by Number Answered

Percent of People with Each Score

Your Score History

You have not taken this quiz